| 000 | 00565nam a22002177a 4500 | ||
|---|---|---|---|
| 005 | 20170822174942.0 | ||
| 008 | 130918b xxu||||| |||| 00| 0 eng d | ||
| 020 | _a978-0-414-02569-1 | ||
| 040 |
_aBSU _cBSU |
||
| 082 |
_222 _a346.004 CHA |
||
| 100 |
_aChang, Chris _914573 |
||
| 243 | _aNutcases. | ||
| 245 |
_aEquity and trusts. _cChris Chiang. |
||
| 250 | _a6th ed. | ||
| 260 |
_aLondon: _bSweet & Maxwell. _c2013. |
||
| 300 |
_axliii, 267p; _c22cm. |
||
| 440 |
_aNutcases. _914571 |
||
| 650 |
_aEquity. _vTrusts. _914574 |
||
| 658 | _aLaw. | ||
| 942 |
_2ddc _cBK |
||
| 999 |
_c6745 _d6745 |
||